书目信息 |
| 题名: |
电力系统继电保护
|
|
| 作者: | 张菁 编著 | |
| 分册: | ||
| 出版信息: | 北京 化学工业出版社 2014 |
|
| 页数: | 189页 | |
| 开本: | 24cm | |
| 丛书名: | ||
| 单 册: | ||
| 中图分类: | TM77 | |
| 科图分类: | ||
| 主题词: | 电力系统--Dian Li Xi Tong--继电保护 | |
| 电子资源: | ||
| ISBN: | 978-7-122-18813-7 | |
| 000 | 01058nam0 2200253 450 | |
| 001 | 1674080297 | |
| 005 | 20140128162754.4 | |
| 010 | @a978-7-122-18813-7@dCNY49.00 | |
| 100 | @a20140128d2014 em y0chiy0120 ea | |
| 101 | 0 | @achi |
| 102 | @aCN@b110000 | |
| 105 | @aak a 000yy | |
| 106 | @ar | |
| 200 | 1 | @a电力系统继电保护@ADian Li Xi Tong Ji Dian Bao Hu@f张菁编著 |
| 210 | @a北京@c化学工业出版社@d2014 | |
| 215 | @a189页@c图@d24cm | |
| 320 | @a有书目 (第187-189页) | |
| 330 | @a电力系统继电保护是电力系统安全运行的重要保证,对提高电力传输和供电的可靠性具有至关重要的意义。本书全面介绍电力系统继电保护涉及的基础知识和应用技术,从电网、输配电、元件的继电保护等几方面结合典型应用实例和故障处理办法全面解读继电保护知识和技能。 | |
| 333 | @a可供电力部门规划、设计、基础、安监、生产、高度运行管理人员及其他工作人员阅读,也可作为高等学校电气工程相关专业本科和硕士生学位课的参考教材。 | |
| 606 | 0 | @a电力系统@ADian Li Xi Tong@x继电保护 |
| 690 | @aTM77@v5 | |
| 701 | 0 | @a张菁@AZhang Jing@4编著 |
| 801 | 0 | @aCN@b江苏新华@c20150511 |
| 905 | @aBZT@dTM77@e5 | |
| 电力系统继电保护/张菁编著.-北京:化学工业出版社,2014 |
| 189页:图;24cm |
| 使用对象:可供电力部门规划、设计、基础、安监、生产、高度运行管理人员及其他工作人员阅读,也可作为高等学校电气工程相关专业本科和硕士生学位课的参考教材。 |
| ISBN 978-7-122-18813-7:CNY49.00 |
| 电力系统继电保护是电力系统安全运行的重要保证,对提高电力传输和供电的可靠性具有至关重要的意义。本书全面介绍电力系统继电保护涉及的基础知识和应用技术,从电网、输配电、元件的继电保护等几方面结合典型应用实例和故障处理办法全面解读继电保护知识和技能。 |
| ● |
| 相关链接 |
|
|
|
正题名:电力系统继电保护
索取号:TM77/5
 
预约/预借
| 序号 | 登录号 | 条形码 | 馆藏地/架位号 | 状态 | 备注 |
| 1 | 798403 | 2000798403 | 第二书库/ [索取号:TM77/5] | 在馆 | |
| 2 | 798404 | 2000798404 | 第二书库/ [索取号:TM77/5] | 在馆 | |
| 3 | 798405 | 2000798405 | 第二书库/ [索取号:TM77/5] | 在馆 |